[Event "ACL-A057"]
[Site "www.playchess.de"]
[Date "2000.11.29"]
[Round "10"]
[White "MicronHead"]
[Black "Bauernopfer"]
[WhiteElo "1469"]
[BlackElo "1499"]
[PlyCount "21"]
[Result "1-0"]

1.e4 e5 2.Nf3 f6 3.d4 exd4 4.Nxd4 Bc5 5.Qh5+ g6 
6.Qxc5 d6 7.Qb5+ Qd7 8.Bc4 c6 9.Qb3 Ne7 10.Bf7+ 
Kf8 11.Bh6+ 1-0

[Event "ACL-A060"]
[Site "www.playchess.de"]
[Date "2000.11.29"]
[Round "3"]
[White "janus"]
[Black "johnk"]
[WhiteElo "1562"]
[BlackElo "1500"]
[PlyCount "33"]
[Result "1-0"]

1.e4 e5 2.f4 exf4 3.Nf3 d6 4.Bc4 Be6 5.Bxe6 fxe6 
6.d4 Qf6 7.Qd2 e5 8.dxe5 dxe5 9.Nc3 Bd6 10.Nd5 Qd8 
11.Qc3 Nc6 12.Bxf4 Qd7 13.Nxe5 O-O-O 14.Nxd7 Nf6 
15.N7xf6 gxf6 16.Bxd6 Rxd6 17.O-O-O 1-0

[Event "ACL-A063"]
[Site "www.playchess.de"]
[Date "2000.11.29"]
[Round "10"]
[White "deepcover"]
[Black "TheBoss"]
[WhiteElo "1500"]
[BlackElo "1500"]
[PlyCount "58"]
[Result "1/2-1/2"]

1.e4 e5 2.Nf3 Nc6 3.Nc3 Bc5 4.Nxe5 Nxe5 5.d4 Bd6 
6.dxe5 Bxe5 7.f4 Bxc3+ 8.bxc3 Qe7 9.e5 b6 10.Bc4 
Bb7 11.O-O Nh6 12.f5 Qc5+ 13.Qd4 Qc6 14.Rf2 Nxf5 
15.Bxf7+ Kxf7 16.Rxf5+ Kg8 17.Rf2 Rf8 18.Ba3 Rxf2 
19.Qxf2 h5 20.Rf1 Qg6 21.Qd2 Kh7 22.c4 Re8 23.Bb2 
Re6 24.Rf2 Re7 25.Qf4 d6 26.Bc3 dxe5 27.Bxe5 c5 
28.Re2 Rd7 29.h3 Rd1+ 1/2-1/2

[Event "ACL-E004"]
[Site "www.playchess.de"]
[Date "2000.11.29"]
[Round "14"]
[White "Gearloose"]
[Black "rht341"]
[WhiteElo "1886"]
[BlackElo "1893"]
[PlyCount "44"]
[Result "0-1"]

1.e4 c5 2.Nc3 d6 3.Nge2 Nf6 4.d3 e6 5.f4 Be7 6.g3 
O-O 7.Bg2 d5 8.e5 Nfd7 9.O-O Nc6 10.Kh1 a6 11.g4 
b5 12.Ng3 Bb7 13.a3 Qb6 14.Nce2 Rad8 15.Be3 d4 
16.Bg1 g5 17.Ne4 gxf4 18.Nxf4 Ncxe5 19.Nh5 f5 
20.gxf5 exf5 21.Neg3 Bxg2+ 22.Kxg2 
Ng6 0-1

[Event "CCL-M001"]
[Site "www.playchess.de"]
[Date "2000.11.29"]
[Round "3"]
[White "Generalen"]
[Black "lazer"]
[WhiteElo "2301"]
[BlackElo "2339"]
[PlyCount "108"]
[Result "0-1"]

1.e4 e5 2.Nf3 Nc6 3.Bb5 a6 4.Ba4 Nf6 5.O-O Be7 
6.Re1 b5 7.Bb3 d6 8.c3 O-O 9.h3 Na5 10.Bc2 c5 
11.d4 Qc7 12.Nbd2 Nc6 13.d5 Na5 14.b3 Bd7 15.Nf1 
g6 16.Bh6 Rfb8 17.N3h2 c4 18.b4 Nb7 19.Qf3 a5 
20.a3 Ra6 21.Ne3 Rba8 22.Rac1 axb4 23.axb4 R6a3 
24.Bb1 Bc8 25.Nf5 Bd8 26.Re2 Ne8 27.Ne3 Qe7 
28.Neg4 Qh4 29.Be3 Bg5 30.Bxg5 Qxg5 31.Ree1 Kg7 
32.Qg3 Bxg4 33.Nxg4 h5 34.Qe3 Qxe3 35.Nxe3 Nf6 
36.g3 Rb3 37.Kh1 h4 38.gxh4 Nh5 39.Kh2 Kf8 40.Nd1 
Nf4 41.Bc2 Rba3 42.Bb1 Ke7 43.Kg3 R8a7 44.Kg4 Kd7 
45.Ne3 Rb3 46.Bc2 Rxc3 47.Ba4 Rxa4 48.Rxc3 Rxb4 
49.Ra1 Kc7 50.f3 f6 51.Rc2 Nc5 52.Ng2 Nh5 53.Ne3 
Rb3 54.Nf1 Nd3 0-1

[Event "HCL-A027"]
[Site "www.playchess.de"]
[Date "2000.11.30"]
[Round "13"]
[White "aldi"]
[Black "mariuszk"]
[WhiteElo "1700"]
[BlackElo "1975"]
[PlyCount "61"]
[Result "1-0"]

1.d4 f5 2.g3 Nf6 3.Bg2 g6 4.Nf3 Bg7 5.O-O O-O 6.b3 
d6 7.Bb2 c6 8.c4 Qc7 9.Qd2 Ne4 10.Qe3 Na6 11.Nc3 
Nb4 12.Rfc1 e5 13.dxe5 dxe5 14.Nxe4 fxe4 15.Nd2 
Qb6 16.c5 Qc7 17.Nxe4 Bf5 18.Qd2 Nd5 19.Nd6 Be6 
20.e4 Ne7 21.f4 exf4 22.Bxg7 Kxg7 23.Qc3+ Kg8 
24.Qe5 Qd7 25.gxf4 Bh3 26.Bxh3 Qxh3 27.Rc2 Qg4+ 
28.Rg2 Qxf4 29.Qxe7 Qe3+ 30.Kh1 Qxc5 
31.Rag1 1-0

[Event "HCL-A028"]
[Site "www.playchess.de"]
[Date "2000.11.30"]
[Round "15"]
[White "Broda"]
[Black "GoodKnight"]
[WhiteElo "1892"]
[BlackElo "1700"]
[PlyCount "38"]
[Result "0-1"]

1.e4 c5 2.Nf3 d6 3.d4 cxd4 4.Nxd4 Nf6 5.Nc3 g6 
6.f3 Bg7 7.Be3 O-O 8.Bc4 a6 9.Qd2 b5 10.Bb3 Bb7 
11.g4 Qa5 12.h4 b4 13.Na4 d5 14.exd5 Nxd5 15.O-O-O 
Nc6 16.Nxc6 Bxc6 17.Bxd5 Bxd5 18.Qxd5 Qxa4 19.Qb3 
Qxb3 0-1

[Event "HCL-A042"]
[Site "www.playchess.de"]
[Date "2000.11.30"]
[Round "3"]
[White "teenspirit"]
[Black "Savage"]
[WhiteElo "1798"]
[BlackElo "1600"]
[PlyCount "76"]
[Result "0-1"]

1.d4 Nf6 2.Nf3 d5 3.c4 dxc4 4.Nc3 a6 5.a4 Nc6 6.e4 
Bg4 7.Be3 e6 8.Bxc4 Bxf3 9.gxf3 Bb4 10.Qb3 Qd7 
11.Rd1 O-O-O 12.d5 Bxc3+ 13.Qxc3 exd5 14.Bxd5 Nxd5 
15.Rxd5 Qh3 16.Rxd8+ Rxd8 17.Ke2 Qg2 18.Rc1 Qxh2 
19.Qxg7 Qd6 20.Qc3 h5 21.Qc2 h4 22.Rd1 Qe7 
23.Rxd8+ Nxd8 24.Bf4 Ne6 25.Qd2 Qf6 26.Bh2 Nd4+ 
27.Kf1 Nxf3 28.Qf4 Qxf4 29.Bxf4 h3 30.Ke2 h2 
31.Bxh2 Nxh2 32.f3 Kd7 33.Kf2 Ke6 34.Kg2 Nxf3 
35.Kxf3 Ke5 36.Ke3 b6 37.b3 c5 38.Kd3 
Kf4 0-1

[Event "HCL-A042"]
[Site "www.playchess.de"]
[Date "2000.11.30"]
[Round "13"]
[White "Savage"]
[Black "minkin72"]
[WhiteElo "1600"]
[BlackElo "1900"]
[PlyCount "102"]
[Result "0-1"]

1.e4 d6 2.d4 Nf6 3.Nc3 g6 4.Be2 Bg7 5.Nf3 O-O 
6.O-O Nc6 7.h3 d5 8.e5 Ne4 9.Be3 Nxc3 10.bxc3 f6 
11.exf6 exf6 12.Qd2 Be6 13.Rab1 b6 14.Bb5 Qd7 
15.Rfe1 a6 16.Ba4 b5 17.Bb3 g5 18.Qe2 Rfe8 19.Qd2 
Bf5 20.Re2 Rab8 21.Rbe1 a5 22.a3 a4 23.Ba2 h6 
24.Nh2 Bf8 25.f3 Bxa3 26.Rb1 b4 27.Bf2 Rxe2 
28.Qxe2 b3 29.Bxb3 axb3 30.Rxb3 Rxb3 31.cxb3 Qe6 
32.Qa2 Bd6 33.Nf1 Bd3 34.Qa8+ Kf7 35.Qa2 Qe2 
36.Qxe2 Bxe2 37.Ng3 Bd3 38.Nf1 Na5 39.Ne3 Ke6 
40.b4 Nc4 41.Nxc4 Bxc4 42.g3 Be2 43.Kg2 h5 44.Be3 
Kf5 45.Kf2 Bc4 46.Bd2 Kg6 47.Be3 f5 48.Bd2 f4 
49.g4 h4 50.Be1 Kf6 51.Kg2 Ke6 0-1

[Event "HCL-A048"]
[Site "www.playchess.de"]
[Date "2000.11.30"]
[Round "9"]
[White "Gearloose"]
[Black "klypp"]
[WhiteElo "2016"]
[BlackElo "2073"]
[PlyCount "44"]
[Result "0-1"]

1.e4 c5 2.a3 Nc6 3.b4 cxb4 4.axb4 Nxb4 5.c3 Nc6 
6.d4 d5 7.exd5 Qxd5 8.Nf3 Nf6 9.Be2 Bg4 10.O-O e6 
11.Re1 Be7 12.h3 Bh5 13.c4 Qd7 14.Be3 Bb4 15.Nbd2 
O-O 16.Ra2 Rfd8 17.Qa1 Bxf3 18.Bxf3 Nxd4 19.Bxd4 
Qxd4 20.Qxd4 Rxd4 21.Re2 Rad8 22.Nf1 
a5 0-1

[Event "HCL-A048"]
[Site "www.playchess.de"]
[Date "2000.11.30"]
[Round "10"]
[White "teenspirit"]
[Black "Gearloose"]
[WhiteElo "1767"]
[BlackElo "2016"]
[PlyCount "47"]
[Result "1-0"]

1.d4 Nf6 2.Nf3 d6 3.Bf4 Nbd7 4.Nbd2 Nh5 5.e3 c6 
6.Bd3 Nxf4 7.exf4 Qb6 8.Nc4 Qc7 9.Qe2 Nf6 10.O-O-O 
g6 11.Rhe1 Nd5 12.g3 Nb4 13.c3 Nxd3+ 14.Rxd3 Be6 
15.Re3 O-O-O 16.Ncd2 a5 17.c4 Bg4 18.h3 Bxf3 
19.Nxf3 e6 20.d5 exd5 21.cxd5 Bg7 22.dxc6 Qxc6+ 
23.Kb1 Kb8 24.Ng5 1-0

[Event "HCL-B013"]
[Site "www.playchess.de"]
[Date "2000.11.30"]
[Round "14"]
[White "NinoDeOro"]
[Black "cabe"]
[WhiteElo "1200"]
[BlackElo "1500"]
[PlyCount "66"]
[Result "0-1"]

1.e4 e5 2.Bc4 Qf6 3.Nf3 Bc5 4.Nc3 Nc6 5.d3 Nge7 
6.Bg5 Qg6 7.O-O O-O 8.Qd2 d6 9.Nd5 Nxd5 10.Bxd5 
Bg4 11.Nh4 Qh5 12.Nf5 Bxf5 13.exf5 h6 14.Bxc6 bxc6 
15.Be3 Bxe3 16.fxe3 Rfb8 17.b3 Qh4 18.g3 Qg5 
19.Qf2 c5 20.e4 c6 21.Rad1 Rb6 22.f6 g6 23.Kh1 Qg4 
24.Kg2 Rab8 25.Qf3 Qxf3+ 26.Rxf3 Ra6 27.h4 Rxa2 
28.Rf2 a5 29.Kh3 Rxb3 30.g4 Rbb2 31.Rdd2 a4 32.Kg3 
a3 33.Kf3 Ra1 0-1

[Event "HCL-B078"]
[Site "www.playchess.de"]
[Date "2000.11.30"]
[Round "19"]
[White "Mathemagician"]
[Black "Morpheus"]
[WhiteElo "1377"]
[BlackElo "1500"]
[PlyCount "99"]
[Result "1-0"]

1.e4 c6 2.d4 d5 3.Nc3 dxe4 4.Nxe4 Bf5 5.Ng3 Bg6 
6.h4 h6 7.Nf3 Nd7 8.h5 Bh7 9.Bd3 Bxd3 10.Qxd3 Qc7 
11.Bd2 e6 12.Qe2 Ngf6 13.O-O-O O-O-O 14.Ne5 Nb8 
15.c3 Na6 16.Bf4 Bd6 17.Ne4 Nxe4 18.Qxe4 f6 19.Ng6 
Bxf4+ 20.Nxf4 Rhe8 21.Ne2 e5 22.Rhe1 exd4 23.Qf5+ 
Qd7 24.Nxd4 Qxf5 25.Nxf5 Rxe1 26.Rxe1 Rd7 27.b4 
Nc7 28.a4 Nd5 29.Kc2 Kd8 30.Re4 Rf7 31.Rg4 Ne7 
32.Nd6 Rf8 33.Rxg7 Rg8 34.Nxb7+ Ke8 35.Rxg8+ Nxg8 
36.g4 Ne7 37.c4 Kd7 38.Nc5+ Kd6 39.f4 Ng8 40.Kd3 
Ne7 41.Kd4 Ng8 42.Ne4+ Ke7 43.b5 cxb5 44.axb5 Kd7 
45.c5 Kc7 46.Kd5 Kd7 47.c6+ Kc7 48.Ke6 a6 49.bxa6 
Kxc6 50.Nxf6 1-0

[Event "HCL-B079"]
[Site "www.playchess.de"]
[Date "2000.11.30"]
[Round "6"]
[White "roofus"]
[Black "Knightbaker"]
[WhiteElo "1200"]
[BlackElo "1200"]
[PlyCount "68"]
[Result "0-1"]

1.e4 c5 2.Nc3 Nc6 3.Nf3 Nf6 4.Bc4 d6 5.Ng5 e6 6.d3 
h6 7.Nh3 d5 8.Bb5 Bd7 9.O-O Nd4 10.Nf4 a6 11.Bxd7+ 
Qxd7 12.e5 Nh7 13.b3 Be7 14.Nh5 O-O 15.h3 f6 16.f4 
fxe5 17.fxe5 Rxf1+ 18.Qxf1 Rf8 19.Bf4 Nxc2 20.Rd1 
Ne3 21.Qf3 Nxd1 22.Nxd1 Ng5 23.Qg4 c4 24.d4 cxb3 
25.axb3 b5 26.Nf2 a5 27.Nd3 a4 28.Nc5 Bxc5 29.dxc5 
a3 30.Bxg5 hxg5 31.Qxg5 a2 32.Nf6+ Rxf6 33.exf6 
a1Q+ 34.Kh2 Qxf6 0-1

[Event "HCL-B081"]
[Site "www.playchess.de"]
[Date "2000.11.30"]
[Round "11"]
[White "paule"]
[Black "Juice"]
[WhiteElo "1762"]
[BlackElo "1537"]
[PlyCount "60"]
[Result "1/2-1/2"]

1.e4 e6 2.d4 d5 3.Nd2 Nf6 4.e5 Nfd7 5.f4 c5 6.c3 
Nc6 7.Ndf3 Qb6 8.Ne2 cxd4 9.Nexd4 Be7 10.Be2 O-O 
11.O-O Nxd4 12.cxd4 Nb8 13.b3 Bd7 14.Bb2 Bb5 
15.Bxb5 Qxb5 16.Rc1 Nc6 17.Rf2 Rfe8 18.Qe2 Qxe2 
19.Rxe2 Nb4 20.Rc7 Nxa2 21.Rxb7 a5 22.Rc2 Nb4 
23.Rcc7 Nd3 24.Rcxe7 Rxe7 25.Rxe7 Nxb2 26.f5 Kf8 
27.Rc7 h6 28.fxe6 fxe6 29.Nh4 Nd3 30.Rc3 
Nb4 1/2-1/2

[Event "HCL-B083"]
[Site "www.playchess.de"]
[Date "2000.11.30"]
[Round "18"]
[White "Arn"]
[Black "paule"]
[WhiteElo "1429"]
[BlackElo "1762"]
[PlyCount "76"]
[Result "0-1"]

1.Nf3 Nf6 2.Nc3 d5 3.d4 Bg4 4.h3 Bh5 5.g4 Bg6 
6.Bf4 e6 7.Bg2 c6 8.e3 Nbd7 9.O-O Be7 10.Qe2 h5 
11.g5 Nh7 12.h4 Qb6 13.Na4 Qa5 14.Nc3 f6 15.Bh3 
Bf5 16.Bxf5 exf5 17.gxf6 Nhxf6 18.a3 O-O 19.b4 Qd8 
20.Qd3 Ne4 21.Bg3 b5 22.a4 bxa4 23.Nxa4 Bxb4 24.c3 
Nxg3 25.fxg3 Bd6 26.Ng5 Bxg3 27.Rxf5 Bxh4 28.Raf1 
Bxg5 29.Nc5 Rxf5 30.Qxf5 Nxc5 31.Qf7+ Kh8 32.dxc5 
Bxe3+ 33.Kg2 Qg5+ 34.Kf3 Rb8 35.Ke2 Qg2+ 36.Kxe3 
Qe4+ 37.Kd2 Rb2+ 38.Kc1 Qb1+ 0-1

[Event "HCL-B087"]
[Site "www.playchess.de"]
[Date "2000.11.30"]
[Round "25"]
[White "Matu"]
[Black "Romulus73"]
[WhiteElo "1500"]
[BlackElo "1500"]
[PlyCount "56"]
[Result "0-1"]

1.Nf3 Nf6 2.b3 g6 3.Bb2 Bg7 4.e3 O-O 5.c4 d6 6.d4 
Bg4 7.Nbd2 c5 8.h3 Bf5 9.g4 Bd7 10.Bg2 Nc6 11.dxc5 
dxc5 12.Ne5 Nxe5 13.Bxe5 Ne8 14.Bxg7 Kxg7 15.Bxb7 
Rb8 16.Bg2 Qc7 17.O-O f5 18.f4 fxg4 19.hxg4 e5 
20.Ne4 Nf6 21.Nxf6 Rxf6 22.g5 Re6 23.Bd5 Re7 
24.fxe5 Qxe5 25.Qf3 Qxg5+ 26.Kh1 Rxe3 27.Qf7+ Kh6 
28.Qxd7 Rd8 0-1

[Event "HCL-B090"]
[Site "www.playchess.de"]
[Date "2000.11.30"]
[Round "3"]
[White "rikkirich"]
[Black "patisab"]
[WhiteElo "1533"]
[BlackElo "1500"]
[PlyCount "113"]
[Result "0-1"]

1.e4 d6 2.d4 Nf6 3.Nc3 Nbd7 4.Bc4 e5 5.d5 c6 6.Nf3 
h6 7.O-O Be7 8.Re1 Qc7 9.Bb3 O-O 10.h3 Re8 11.Be3 
Nf8 12.Nd2 g5 13.Ne2 Ng6 14.Ng3 Nf4 15.Bxf4 gxf4 
16.Nh5 c5 17.Nxf6+ Bxf6 18.a4 a5 19.Qh5 Kh7 20.Kh2 
Rg8 21.Reg1 Rg5 22.Qe2 Bd7 23.Bc4 Rag8 24.g4 fxg3+ 
25.e. Rxg3 26.R5g6 b3 27.Bg5 Nf3 28.Bf4 Rag1 
29.Qc8 Nh4 30.R6g7 Bb5 31.Bxh3 Nf5 32.Bxf5 exf5 
33.R7g4 Kh3 34.Qxf5 R3xg4 35.Qh5+ Rh4 36.Qxe2 Bxe2 
37.Rxg1 Bd3+ 38.Kh8 Rg4 39.Re1 Kg2 40.Bg5 Re4 
41.Rc1 Re2 42.Kg7 f3 43.h5 Rf2 44.Kh6 Bf5 45.Bf4 
Re2 46.Kg5 Bd3 47.h4 Re4 48.f5 Re2 49.Bg3 Re3 
50.Kf4 Re2 51.Re1 Rxe1 52.Bxe1 Kf1 53.Bg3 Kg2 
54.e4 fxe4 55.fxe4 Bb5 56.Ke3 Bd7 
57.Kd2 0-1

[Event "HCL-B094"]
[Site "www.playchess.de"]
[Date "2000.11.30"]
[Round "8"]
[White "Gabriele"]
[Black "Sixty4"]
[WhiteElo "1659"]
[BlackElo "1606"]
[PlyCount "36"]
[Result "0-1"]

1.b4 Nf6 2.Bb2 g6 3.e3 Bg7 4.Nf3 d6 5.c4 O-O 6.Be2 
e5 7.d3 a5 8.b5 Nbd7 9.a4 b6 10.Nbd2 Qe7 11.O-O 
Nh5 12.Nxe5 Nxe5 13.Bxe5 Qxe5 14.d4 Qg5 15.Nf3 Qe7 
16.h4 Bb7 17.Ng5 h6 18.Nf3 Rfe8 0-1

[Event "HCL-B104"]
[Site "www.playchess.de"]
[Date "2000.11.30"]
[Round "6"]
[White "paule"]
[Black "costajr"]
[WhiteElo "1806"]
[BlackElo "1421"]
[PlyCount "51"]
[Result "1-0"]

1.e4 c5 2.c3 d6 3.d4 Nf6 4.Bd3 cxd4 5.cxd4 g6 
6.Ne2 Bg7 7.f3 O-O 8.Be3 e5 9.Nbc3 exd4 10.Nxd4 
Nc6 11.Qd2 Re8 12.O-O-O a5 13.Ndb5 Nb4 14.Bb1 Be6 
15.Nxd6 Re7 16.Bg5 Rd7 17.e5 h6 18.Bxf6 Bxf6 
19.exf6 Qxf6 20.Qxh6 Rad8 21.Nde4 R7xd1+ 22.Rxd1 
Rxd1+ 23.Nxd1 Qd4 24.a3 Qc4+ 25.Nec3 Nd3+ 
26.Bxd3 1-0

[Event "HCL-B106"]
[Site "www.playchess.de"]
[Date "2000.11.30"]
[Round "23"]
[White "dogman"]
[Black "peze"]
[WhiteElo "1264"]
[BlackElo "1818"]
[PlyCount "44"]
[Result "0-1"]

1.e4 e5 2.Nf3 Nf6 3.Nc3 Nc6 4.d4 exd4 5.Nxd4 Bb4 
6.Ndb5 a6 7.Nd4 Nxe4 8.Nxc6 dxc6 9.Qxd8+ Kxd8 
10.Bd3 Nxc3 11.O-O Nd5 12.c3 Bd6 13.Re1 Be6 14.Bd2 
Ke7 15.c4 Nf6 16.Bg5 Rad8 17.Bf5 h6 18.Bh4 g5 
19.Bxe6 fxe6 20.Bg3 Bxg3 21.hxg3 Rd2 22.b3 
Rf8 0-1

[Event "HCL-B107"]
[Site "www.playchess.de"]
[Date "2000.11.30"]
[Round "5"]
[White "JayKay"]
[Black "Bauernopfer"]
[WhiteElo "2000"]
[BlackElo "1114"]
[PlyCount "67"]
[Result "1-0"]

1.e4 e5 2.Nf3 Nc6 3.Bb5 Nge7 4.O-O a6 5.Bc4 f6 
6.Nc3 d6 7.h3 b5 8.Bb3 Na5 9.d4 Nxb3 10.axb3 Bb7 
11.dxe5 dxe5 12.Qe2 Nc6 13.Rd1 Bd6 14.Be3 O-O 
15.Qd2 Nb4 16.Nh4 Be7 17.Nf5 Qe8 18.Qe2 g6 
19.Nxe7+ Qxe7 20.f3 Rfd8 21.Qf2 c6 22.Bc5 Rxd1+ 
23.Rxd1 Qe6 24.Bxb4 a5 25.Bxa5 Rxa5 26.Qb6 Ra8 
27.Qxb7 Qc8 28.Qe7 Qf8 29.Qe6+ Kg7 30.Qxc6 b4 
31.Rd7+ Kh8 32.Nd5 Rc8 33.Nxf6 Rxc6 
34.Rxh7+ 1-0

[Event "HCL-B107"]
[Site "www.playchess.de"]
[Date "2000.11.30"]
[Round "6"]
[White "Gruhni"]
[Black "JayKay"]
[WhiteElo "1418"]
[BlackElo "2000"]
[PlyCount "68"]
[Result "0-1"]

1.e4 e5 2.Nf3 d6 3.Bc4 Bg4 4.h3 Bh5 5.g4 Bg6 6.Nc3 
Nc6 7.d3 Be7 8.Nd5 Na5 9.Nxe7 Nxe7 10.Bb3 Nxb3 
11.axb3 Qb8 12.Nh4 O-O 13.Be3 Qe8 14.Qd2 a6 15.f4 
exf4 16.Bxf4 d5 17.O-O-O dxe4 18.Nxg6 fxg6 19.dxe4 
Qc6 20.Qb4 Rxf4 21.Qxe7 Re8 22.Rd8 Rff8 23.Rxe8 
Rxe8 24.Qh4 Qxe4 25.Rd1 Qe3+ 26.Kb1 g5 27.Qh5 Rf8 
28.Rd5 c6 29.Rxg5 Rf1+ 30.Ka2 Qe1 31.Ka3 b5 32.b4 
Qa1+ 33.Kb3 Rf3+ 34.c3 Qa4+ 0-1

[Event "HCL-B110"]
[Site "www.playchess.de"]
[Date "2000.11.30"]
[Round "4"]
[White "peze"]
[Black "Ninjo"]
[WhiteElo "1818"]
[BlackElo "1500"]
[PlyCount "55"]
[Result "1-0"]

1.c4 Nf6 2.Nc3 g6 3.d4 Bg7 4.e4 d6 5.Nf3 O-O 6.Be2 
e5 7.O-O Nc6 8.d5 Ne7 9.Ne1 Nd7 10.Be3 f5 11.f3 
Nf6 12.c5 Kh8 13.a4 Nh5 14.a5 Nf4 15.Nd3 Bh6 
16.Nxf4 exf4 17.Bd4+ Kg8 18.cxd6 cxd6 19.Nb5 fxe4 
20.fxe4 a6 21.Bb6 Qd7 22.Nc7 g5 23.Nxa8 g4 24.Nc7 
f3 25.gxf3 g3 26.hxg3 Qh3 27.Rf2 Ng6 
28.Rg2 1-0

[Event "HCL-B111"]
[Site "www.playchess.de"]
[Date "2000.11.30"]
[Round "9"]
[White "gbrereton"]
[Black "roofus"]
[WhiteElo "1107"]
[BlackElo "1353"]
[PlyCount "38"]
[Result "0-1"]

1.e4 e5 2.Nf3 Nc6 3.d4 exd4 4.Nxd4 Nf6 5.Bd3 Nxd4 
6.O-O Bb4 7.Be3 Nc6 8.Bg5 h6 9.Bxf6 Qxf6 10.c3 Bc5 
11.Nd2 d6 12.Qe2 O-O 13.Nc4 Ne5 14.Nd2 Nxd3 
15.Qxd3 Bg4 16.Qg3 Be2 17.Rfe1 Bxf2+ 18.Qxf2 Qxf2+ 
19.Kxf2 Bb5 0-1

[Event "HCL-B111"]
[Site "www.playchess.de"]
[Date "2000.11.30"]
[Round "10"]
[White "msmsk"]
[Black "gbrereton"]
[WhiteElo "1534"]
[BlackElo "1107"]
[PlyCount "23"]
[Result "1-0"]

1.b4 e5 2.Bb2 Bd6 3.f4 f6 4.e4 Bxb4 5.fxe5 Qe7 
6.a3 Bc5 7.d4 Bb6 8.Bc4 Nc6 9.Nf3 fxe5 10.dxe5 Qc5 
11.Qe2 d6 12.exd6 1-0

[Event "HCL-B111"]
[Site "www.playchess.de"]
[Date "2000.11.30"]
[Round "19"]
[White "msmsk"]
[Black "Gorodish"]
[WhiteElo "1534"]
[BlackElo "1747"]
[PlyCount "22"]
[Result "0-1"]

1.b4 e5 2.Bb2 f6 3.e4 Bxb4 4.Bc4 Ne7 5.Qh5+ g6 
6.Qh4 Nec6 7.f4 Qe7 8.f5 Qg7 9.Nf3 gxf5 10.exf5 h5 
11.O-O d6 0-1

[Event "HCL-B113"]
[Site "www.playchess.de"]
[Date "2000.11.30"]
[Round "10"]
[White "BerndS"]
[Black "abed"]
[WhiteElo "1790"]
[BlackElo "1789"]
[PlyCount "66"]
[Result "0-1"]

1.d4 g6 2.c4 Bg7 3.Nc3 Nf6 4.e4 d6 5.f3 c6 6.Be3 
a6 7.Bd3 O-O 8.Nge2 Qc7 9.Qd2 b5 10.b3 Nbd7 11.O-O 
b4 12.Na4 c5 13.Rac1 Nb6 14.Nb2 a5 15.Nf4 Bb7 
16.d5 Nfd7 17.Nh3 a4 18.Bh6 axb3 19.axb3 Ra2 
20.Bxg7 Kxg7 21.f4 f6 22.g4 Bc8 23.g5 Nb8 24.f5 
Qa7 25.Qg2 Qa3 26.Bb1 Rxb2 27.Rc2 Rxb3 28.Nf4 Qa1 
29.gxf6+ exf6 30.Nh5+ Kh8 31.Ra2 Qd4+ 32.Kh1 Rg8 
33.Rg1 Rxb1 0-1

[Event "HCL-B114"]
[Site "www.playchess.de"]
[Date "2000.11.30"]
[Round "5"]
[White "Federviech"]
[Black "JABBERWOCKY"]
[WhiteElo "964"]
[BlackElo "1356"]
[PlyCount "27"]
[Result "1-0"]

1.e4 c5 2.Nc3 d6 3.Qf3 Nc6 4.Bc4 Nf6 5.d3 Bg4 
6.Qf4 Nd4 7.f3 Nxc2+ 8.Kd2 Nxa1 9.fxg4 e5 10.Qf5 
g6 11.Qf3 Bh6+ 12.Kd1 Bg7 13.Nh3 Qd7 
14.Bb5 1-0

[Event "HCL-B118"]
[Site "www.playchess.de"]
[Date "2000.11.30"]
[Round "3"]
[White "x_chess"]
[Black "Gross"]
[WhiteElo "1500"]
[BlackElo "1500"]
[PlyCount "45"]
[Result "1-0"]

1.d4 d5 2.c4 e6 3.Nc3 Nf6 4.Nf3 Be7 5.Bf4 c6 6.e3 
Nbd7 7.h3 dxc4 8.Bxc4 Nd5 9.Bg3 Qa5 10.Qc2 N7b6 
11.Bb3 c5 12.dxc5 Bxc5 13.O-O Nxc3 14.bxc3 Nd7 
15.Rad1 Nf6 16.Bh4 O-O 17.Bxf6 gxf6 18.Qe4 Re8 
19.Qg4+ Kf8 20.Qh5 b6 21.Qxh7 b5 22.Nh4 Rd8 
23.Nf5 1-0

[Event "HCL-B118"]
[Site "www.playchess.de"]
[Date "2000.11.30"]
[Round "5"]
[White "paule"]
[Black "x_chess"]
[WhiteElo "1815"]
[BlackElo "1500"]
[PlyCount "51"]
[Result "1-0"]

1.e4 e6 2.d4 d5 3.Nd2 dxe4 4.Nxe4 Be7 5.Nf3 Nf6 
6.Bd3 Nbd7 7.Nxf6+ Nxf6 8.Qe2 O-O 9.Bg5 c5 
10.O-O-O cxd4 11.h4 Qa5 12.Kb1 Rd8 13.Ne5 h6 14.g4 
hxg5 15.hxg5 Bd6 16.f4 Bxe5 17.gxf6 Bxf6 18.g5 Kf8 
19.gxf6 gxf6 20.Rh7 Bd7 21.Qe4 f5 22.Qxd4 Ke7 
23.Bb5 Bc6 24.Qc5+ Kf6 25.Rg1 Qxb5 
26.Rh6+ 1-0

[Event "HCL-C030"]
[Site "www.playchess.de"]
[Date "2000.11.30"]
[Round "21"]
[White "Doktor"]
[Black "CEAuke"]
[WhiteElo "1000"]
[BlackElo "864"]
[PlyCount "57"]
[Result "1-0"]

1.d4 e6 2.e4 Be7 3.Nc3 Nf6 4.Bd3 Nc6 5.Nf3 O-O 
6.e5 Nd5 7.Nxd5 exd5 8.O-O d6 9.Re1 Bg4 10.c3 h6 
11.h3 Bxf3 12.Qxf3 dxe5 13.dxe5 f6 14.e6 d4 15.Qg3 
g5 16.h4 Bd6 17.Qf3 Ne5 18.Qf5 Nxd3 19.Qxd3 dxc3 
20.Qg6+ Kh8 21.Qxh6+ Kg8 22.Qg6+ Kh8 23.hxg5 Qe7 
24.Re3 Qg7 25.Rh3+ Kg8 26.Qxg7+ Kxg7 27.Rxc3 fxg5 
28.Bxg5 Rfh8 29.Rh3 1-0

[Event "HCL-C071"]
[Site "www.playchess.de"]
[Date "2000.11.30"]
[Round "7"]
[White "Mohrni"]
[Black "GaryG"]
[WhiteElo "1201"]
[BlackElo "1453"]
[PlyCount "34"]
[Result "0-1"]

1.e4 e5 2.Nf3 Nc6 3.Bc4 Nf6 4.Nc3 Bc5 5.d3 d6 
6.Ng5 O-O 7.O-O Bg4 8.Qd2 h6 9.Nxf7 Rxf7 10.Bxf7+ 
Kxf7 11.Na4 Bb4 12.c3 b5 13.cxb4 bxa4 14.Qc3 Nd4 
15.Kh1 Be2 16.Re1 Ng4 17.Be3 Qh4 0-1

[Event "HCL-C076"]
[Site "www.playchess.de"]
[Date "2000.11.30"]
[Round "2"]
[White "mushroom"]
[Black "MarcoPolo"]
[WhiteElo "1000"]
[BlackElo "1207"]
[PlyCount "69"]
[Result "1-0"]

1.d3 e5 2.e4 Bc5 3.Nh3 Qf6 4.f3 h6 5.Qd2 b6 6.f4 
d6 7.f5 g6 8.b4 Bd4 9.c3 gxf5 10.cxd4 fxe4 11.Nc3 
Ne7 12.Nxe4 Qh4+ 13.g3 Qxe4+ 14.dxe4 Nec6 15.dxe5 
Nxe5 16.Qd5 Nbc6 17.b5 Be6 18.Qd1 Bg4 19.Qa4 Nd4 
20.Nf4 Bf3 21.Bb2 Bxe4 22.Bxd4 Bxh1 23.Bxe5 dxe5 
24.Nh5 f5 25.Nf6+ Kf7 26.Qh4 Kg6 27.Be2 Bb7 
28.Bh5+ Kg7 29.Nd7 Rhg8 30.Qf6+ Kh7 31.Qxf5+ Kh8 
32.Qf6+ Rg7 33.Nxe5 Be4 34.Rd1 Kh7 
35.Rd7 1-0

[Event "HCL-C079"]
[Site "www.playchess.de"]
[Date "2000.11.30"]
[Round "9"]
[White "Gleis3"]
[Black "TAX"]
[WhiteElo "1000"]
[BlackElo "1000"]
[PlyCount "91"]
[Result "1-0"]

1.d4 e6 2.c4 Nf6 3.e3 d5 4.Nf3 Bd7 5.cxd5 Bb4+ 
6.Bd2 Bxd2+ 7.Nbxd2 exd5 8.Rc1 Nc6 9.Nb3 Bg4 
10.Bb5 O-O 11.Bxc6 bxc6 12.Rxc6 Qd7 13.Qc1 Ne4 
14.Ne5 Qf5 15.f3 Bh3 16.gxh3 f6 17.fxe4 Qxe4 
18.Rg1 fxe5 19.Rxc7 g6 20.dxe5 Rae8 21.Nd4 Rxe5 
22.Ne2 a6 23.Rg3 Qh1+ 24.Kd2 Qf1 25.Qxf1 Rxf1 
26.Rc6 Rb1 27.Rb6 g5 28.h4 Rh1 29.Rxa6 Rxh2 
30.Rxg5+ Rxg5 31.hxg5 Rg2 32.b4 Rg4 33.b5 Rb4 
34.b6 Kf7 35.Nd4 Rc4 36.Ra7+ Kg6 37.b7 Rb4 38.a4 
Rb6 39.a5 Rb1 40.Ra6+ Kxg5 41.Rb6 Rxb6 42.axb6 h5 
43.b8Q h4 44.Qg8+ Kh5 45.Ne6 h3 
46.Qg5+ 1-0

[Event "HCL-C083"]
[Site "www.playchess.de"]
[Date "2000.11.30"]
[Round "11"]
[White "adamlm323"]
[Black "Gabaldon"]
[WhiteElo "1000"]
[BlackElo "1305"]
[PlyCount "23"]
[Result "1-0"]

1.e4 c5 2.b4 cxb4 3.a3 Qa5 4.Nf3 Nf6 5.e5 Ng4 
6.Bb2 e6 7.c3 Bc5 8.Be2 Nxf2 9.Qb3 Nxh1 10.axb4 
Bf2+ 11.Kd1 Qd8 12.Na3 1-0

[Event "HCL-C106"]
[Site "www.playchess.de"]
[Date "2000.11.30"]
[Round "15"]
[White "O_Man"]
[Black "Trickster"]
[WhiteElo "1000"]
[BlackElo "1000"]
[PlyCount "51"]
[Result "1-0"]

1.e4 e5 2.Nf3 d6 3.Bc4 Be6 4.d3 Bxc4 5.dxc4 Nf6 
6.Nc3 Nc6 7.Bg5 h6 8.Bxf6 Qxf6 9.Qd3 Nb4 10.Qd2 
O-O-O 11.a3 Nc6 12.b4 Qf4 13.Qd5 Be7 14.b5 Na5 
15.b6 cxb6 16.O-O Nc6 17.Nb5 a6 18.Nc3 Nd4 19.Nxd4 
exd4 20.Qxd4 Bf6 21.Qd3 Be5 22.g3 Qg4 23.Rab1 Kc7 
24.Nd5+ Kc6 25.Rxb6+ Kd7 26.Rxb7+ 1-0

[Event "HCL-C110"]
[Site "www.playchess.de"]
[Date "2000.11.30"]
[Round "14"]
[White "Flab"]
[Black "inna"]
[WhiteElo "1000"]
[BlackElo "800"]
[PlyCount "34"]
[Result "0-1"]

1.e3 e5 2.b3 d5 3.Nf3 e4 4.Ne5 g6 5.Bb2 f6 6.Ng4 
h5 7.Ne5 fxe5 8.Bxe5 Nf6 9.d3 Bd6 10.d4 Bxe5 
11.dxe5 Ng4 12.Qd4 Nc6 13.Qa4 O-O 14.h3 Nxf2 
15.Rg1 Qg5 16.Be2 Qxe3 17.Rf1 Qc1+ 0-1

[Event "HCL-C116"]
[Site "www.playchess.de"]
[Date "2000.11.30"]
[Round "4"]
[White "rafita"]
[Black "O_Man"]
[WhiteElo "1243"]
[BlackElo "1083"]
[PlyCount "69"]
[Result "1-0"]

1.d4 d5 2.Nf3 Nc6 3.Bf4 g6 4.e3 Bg7 5.c4 dxc4 
6.Bxc4 e6 7.Nc3 Nf6 8.O-O Nb4 9.Qa4+ Nc6 10.e4 Bd7 
11.Qd1 Ng4 12.h3 Nf6 13.Re1 Qe7 14.Bxc7 a6 15.d5 
Qc5 16.dxc6 Qxc6 17.Bxe6 Qxc7 18.Bxd7+ Nxd7 19.Rc1 
Bxc3 20.Rxc3 Qa5 21.Qd6 Rd8 22.Rc7 Qb6 23.Qxb6 
Nxb6 24.Rxb7 Nc4 25.b4 O-O 26.Ra7 f5 27.Rxa6 fxe4 
28.Rxe4 Nd6 29.Re7 Nf5 30.Rc7 h5 31.Raa7 h4 
32.Nxh4 Rda8 33.Nxf5 Rxa7 34.Ne7+ Kf7 
35.Rxa7 1-0